000 00733cam a22002533a 4500
001 15465
003 PGUSA
005 20140828083330.0
008 050325s2005||||xxu|||||s|||||000 1 eng d
040 _aPGUSA
_beng
042 _adc
050 4 _aPQ
100 1 _aHalévy, Ludovic,
_d1834-1908
245 1 0 _aParisian Points of View
_h[electronic resource] /
_cLudovic Halévy
260 _bProject Gutenberg,
_c2005
506 _aPublic domain in the USA.
516 _aElectronic text
653 _aParis (France) -- Fiction
700 1 _aMatthews, Edith Virginia Brander
700 1 _aMatthews, Brander,
_d1852-1929
830 0 _aProject Gutenberg
_v15465
856 4 0 _uhttp://www.gutenberg.org/ebooks/15465
942 _cEB
999 _c244720
_d244720